| 000 | 00599nam a2200205Ia 4500 | ||
|---|---|---|---|
| 003 | GCL | ||
| 008 | 140319s9999 xx 000 0 ara d | ||
| 040 |
_aGCL / _cGCL |
||
| 082 | 0 | 4 |
_aق _b962.054 _bف ف |
| 100 | 1 | _aفاروق هاشم | |
| 245 | 1 | 0 |
_aفريدة ملكة مصر تروى اسرار الحب والحكم / _cفاروق هاشم |
| 300 | _a214 ص | ||
| 490 |
_a100 قصة _v0 |
||
| 650 | 0 | 4 | _aمصر |
| 650 | 0 | 4 | _aالملك فؤاد |
| 650 | 0 | 4 | _aالملك فاروق |
| 650 | 0 | 4 | _aالملكة فريدة |
| 650 | 0 | 4 | _aالعصر الحديث - تاريخ |
| 942 |
_2ddc _cBK |
||
| 999 |
_c45592 _d45592 |
||